Statistiques concernant Numéro de la Blacklist fin saison 1->3

Cliquez ici pour prendre le quiz!

Statistiques générales

  • Ce quiz a été pris 2 fois
  • Le résultat moyen est 7 sur 61

Statistiques - réponses

NuméroSaisonÉpisodeRéponse% Correct
8121-22Berlin
100%
1619-10Anslo Garrick
50%
8224Dr Linus Creel
50%
10918Général Ludd
50%
88117Ivan
50%
55221Karakurt
50%
16114Le Marmiton
50%
119-120-121-122119Les Frères Pavlovich
50%
2129-10Luther Braxton
50%
11222Tom Connolly
50%
7216Tom Keen
50%
8413Wujing
50%
14322-23Alexander Kirk
0%
103313Alistair Pitt
0%
5035Arioch Cain
0%
Hors-Série319Cape May
0%
113315Drexel
0%
8923Dr James Covington
0%
7233Eli Matchett
0%
4717Frederick Barnes
0%
15216Gina Zanetakos
0%
97217Initiative Longévité
0%
11222La Banque
0%
77314Lady Ambroisie
0%
7425La Faction
0%
71212La Famille Kenyon
0%
64113L'Agence Cyprus
0%
101112L'Alchimiste
0%
Hors-Série11La Liste
0%
132312La Vehme
0%
106111Le Bon Samaritain
0%
11426Le Cartel de Mombasa
0%
93213Le Chasseur Solitaire
0%
2227Le Cimeterre
0%
75215Le Commandant
0%
8515Le Coursier
0%
1228Le Décembriste
0%
3831Le Désinformateur
0%
2439-10Le Directeur
0%
4334Le Djinn
0%
42120Le Faiseur de Rois
0%
14512Le Freelance
0%
78316Le Gardien
0%
57115Le Juge
0%
62219Leonard Caul
0%
41320Le Réseau Artax
0%
10838Les Rois de la route
0%
10421Lord Baltimore
0%
73114Madeline Pratt
0%
83116Mako Tanida
0%
8032Marvin Gérard
0%
95311M. Gregory Devry
0%
135118Milton Bobbit
0%
32317-18M. Solomon
0%
87220Quon Zang
0%
67211Ruslan Denisov
0%
8636Sir Crispin Crandall
0%
18321Susan Hargrave
0%
94214T. Earl King VI
0%
117218Vanessa Cruz
0%
3137Zal Bin Hasaan
0%

Distribution des résultats

Percentile par nombre de réponses

% des personnes avec chaque résultat

Votre développement - résultats

Vous n’avez pas pris ce quiz